Sports Quiz

Random Sports or College Quiz

Top 100 College Basketball Programs Quiz Stats

 Plays Quiz not verified by Sporcle

Challenge
Share
Tweet
Embed
Score 0/100 Timer 10:00
0 Plays Today
# College % Correct
7Duke
95.7%
1Kentucky
94.4%
4North Carolina
94.2%
2UCLA
94.1%
3Kansas
92%
13Michigan
90.2%
64Florida
89.6%
47Texas
89.5%
15Michigan State
88.6%
5Indiana
85.9%
88Ohio
85.9%
9Ohio State
84.2%
49Arizona
83.3%
23Syracuse
82%
20Oklahoma
81.8%
35Washington
81.4%
74Florida State
81.2%
50Oregon
80.9%
68Virginia
79.1%
43Alabama
78.6%
25USC
78.3%
6Illinois
77.9%
28Wisconsin
77.7%
54Connecticut
77.5%
62LSU
77.4%
42Georgetown
76.7%
18Oklahoma State
76.4%
10Iowa
76.3%
11Louisville
75.7%
27Kansas State
75.1%
34California
75.1%
22North Carolina State
75%
69Miami (OH)
74.8%
94Arizona State
74.7%
# College % Correct
33Tennessee
74.1%
65Georgia Tech
73.4%
40Oregon State
72.5%
21Villanova
72.4%
38Maryland
72.3%
89Texas Tech
72.2%
87Pennsylvania
71.9%
70Washington State
70.9%
14Minnesota
70.2%
12Notre Dame
69.7%
32Arkansas
69.6%
19Utah
68.1%
58UNLV
67.8%
30Stanford
67.8%
8Purdue
67.7%
37Wake Forest
67.6%
91South Carolina
67.3%
36West Virginia
66.8%
60Pittsburgh
66.7%
29Missouri
66.3%
51Colorado
65.6%
52Iowa State
64.9%
16St. John's
64.8%
61Memphis
63.8%
73Boston College
63.1%
82Penn State
62.1%
57Nebraska
62%
17Cincinnati
60%
80Auburn
59.6%
90Mississippi State
58.9%
24Marquette
58.5%
41BYU
58.5%
98Butler
58.1%
46Vanderbilt
54.3%
# College % Correct
31Temple
53.7%
55Houston
52.1%
59Xavier
52.1%
85Princeton
50.9%
26DePaul
48.9%
77Northwestern
46.1%
78Providence
45.8%
76Seton Hall
44.5%
72Utah State
42.1%
86Creighton
39%
63Wyoming
36.6%
48Dayton
34.8%
44Western Kentucky
34.2%
56St. Joseph's
33.6%
75San Francisco
32.7%
66Tulsa
32.4%
92SMU
30.5%
81Wichita State
30.2%
97George Washington
29%
45UAB
26.3%
53Saint Louis
26.3%
71La Salle
24.3%
39Bradley
20.4%
84Southern Illinois
20.2%
83Toledo
19%
100Holy Cross
17.6%
93Bowling Green
13.8%
99Murray State
13.3%
79Santa Clara
13%
96St. Bonaventure
12.7%
67Duquesne
10.7%
95Loyola-Chicago
9.5%

You're not logged in!

Compare scores with friends on all Sporcle quizzes.
OR
Log In

You Might Also Like...

Show Comments

Extras

Top Quizzes Today


Score Distribution

Your Account Isn't Verified!

In order to create a playlist on Sporcle, you need to verify the email address you used during registration. Go to your Sporcle Settings to finish the process.

Report this User

Report this user for behavior that violates our Community Guidelines.

Details: